Сельскохозяйственные машины и орудия / (Record no. 396808)
[ view plain ]
| 000 -LEADER | |
|---|---|
| fixed length control field | 01117cam a2200241 a 4500 |
| 001 - CONTROL NUMBER | |
| control field | 000651593 |
| 003 - CONTROL NUMBER IDENTIFIER | |
| control field | AM-YeHGA |
| 005 - DATE AND TIME OF LATEST TRANSACTION | |
| control field | 20250617153726.0 |
| 008 - FIXED-LENGTH DATA ELEMENTS--GENERAL INFORMATION | |
| fixed length control field | 090417s1960 ai | |||||||||||||rus|d |
| 040 ## - CATALOGING SOURCE | |
| Original cataloging agency | AM-YeHGA |
| 041 0# - LANGUAGE CODE | |
| Language code of text/sound track or separate title | rus |
| 090 ## - LOCALLY ASSIGNED LC-TYPE CALL NUMBER (OCLC); LOCAL CALL NUMBER (RLIN) | |
| -- | 398891 |
| 100 1# - MAIN ENTRY--PERSONAL NAME | |
| Personal name | Карпенко, Александр Николаевич |
| 245 10 - TITLE STATEMENT | |
| Title | Сельскохозяйственные машины и орудия / |
| Statement of responsibility, etc. | А.Н. Карпенко, К.А. Полевицкий. |
| 250 ## - EDITION STATEMENT | |
| Edition statement | 4-ое изд, перераб. и дополн. |
| 260 ## - PUBLICATION, DISTRIBUTION, ETC. | |
| Place of publication, distribution, etc. | Москва : |
| Name of publisher, distributor, etc. | Сельхозгиз, |
| Date of publication, distribution, etc. | 1960. |
| 300 ## - PHYSICAL DESCRIPTION | |
| Extent | 470 с. : |
| Other physical details | табл., 4 вкл. л. рис. ; |
| Dimensions | 26 см. |
| 440 #0 - SERIES STATEMENT/ADDED ENTRY--TITLE | |
| Title | Учебники и учебные пособия для сельскохозяйственных техникумов |
| 504 ## - BIBLIOGRAPHY, ETC. NOTE | |
| Bibliography, etc. note | Библиогр. в подстроч. примеч. |
| 650 14 - SUBJECT ADDED ENTRY--TOPICAL TERM | |
| Topical term or geographic name entry element | Сельскохозяйственные машины и орудия |
| 650 14 - SUBJECT ADDED ENTRY--TOPICAL TERM | |
| Topical term or geographic name entry element | Механизация сельского хозяйства |
| 700 1# - ADDED ENTRY--PERSONAL NAME | |
| Personal name | Полевицкий, Константин Александрович |
| Withdrawn status | Lost status | Source of classification or shelving scheme | Damaged status | Not for loan | Collection | Home library | Current library | Date acquired | Total checkouts | Full call number | Barcode | Date last seen | Price effective from | Koha item type | Public note |
|---|---|---|---|---|---|---|---|---|---|---|---|---|---|---|---|
| Universal Decimal Classification | General | Fundamental Scientific Library | Fundamental Scientific Library | 09/01/2018 | PIII/4833 | FL0469915 | 09/01/2018 | 09/01/2018 | Գրքեր / Books | 30 Days Loan | |||||
| General | Fundamental Scientific Library | Fundamental Scientific Library | 08/07/2020 | РII/36664 | FL0621733 | 08/07/2020 | 08/07/2020 | Գրքեր / Books | 30 Days Loan |
ՀՀ Գիտությունների ազգային ակադեմիայի հիմնարար գիտական գրադարան = Fundamental Scientific Library of NAS RA
All site content, except where otherwise noted, is licensed under a